zpět

Detail výsledku týmu

Bowling Darts Rubín, Brno

Datum a čas kvízu

33 Celkem bodů Celkový počet nahraných bodů na tomto kvízu bez doplňovacích otázek.
2. Pořadí na kvízu Konečné umístění týmu na tomto kvízu.

Zaznamenané odpovědi

# Otázka Odpověď Body Výsledky
1. V sobotu začala v celé České r... Suchej únor 1
2. Velká Británie minulý týden de... po 47 letech (42–52) 1
3. Plzeňská kapela Mandrage v sob... Vít Starý 0
4. Internetovým světem hýbe skand... Avast 0
5. Opora pražské Slavie Tomáš Sou... West Ham United 0
6. Co všechno může být ztracené?... Jantarová komnata 1
7. Vzpomenete si na seriál Ztrace... B 1
8. "Ne každé zlato třpytívá se, n... Bilbo Pytlík 0
9. V seznamu 100 nejdůležitějších... Hledání ztraceného času 0
10. Jako Zázrak v Andách se někdy... ragby 1